Cambiar metáforas en la psicología social de la acción pública: De intervenir a involucrarse (Record no. 170941)

MARC details
000 -CABECERA
campo de control de longitud fija 01921nab a2200289 a 4500
005 - FECHA Y HORA DE LA ÚLTIMA TRANSACCIÓN
campo de control 20210219162148.0
008 - ELEMENTOS DE LONGITUD FIJA--INFORMACIÓN GENERAL
campo de control de longitud fija 991125s1985 mx 000 0 spa u
035 ## - NÚMERO DE CONTROL DEL SISTEMA
Número de control de sistema UPN01000198840
049 ## - COLECCIÓN
Colección ART-E
100 1# - ASIENTO PRINCIPAL--NOMBRE PERSONAL
Nombre de persona Martínez Guzmán, Antar
100 1# - ASIENTO PRINCIPAL--NOMBRE PERSONAL
Filiación antar_martinez@ucol.mx
222 ## - TÍTULO CLAVE
Título clave ATHENEA DIGITAL : REVISTA DE PENSAMIENTO E INVESTIGACION SOCIAL
245 ## - MENCIÓN DE TÍTULO
Título Cambiar metáforas en la psicología social de la acción pública: De intervenir a involucrarse
260 ## - PUBLICACIÓN, DISTRIBUCIÓN, ETC.
Lugar de publicación, distribución, etc. España
300 ## - DESCRIPCIÓN FÍSICA
Extensión 3-28
362 0# - FECHAS DE PUBLICACIÓN Y/O DESIGNACIÓN SECUENCIAL
Fecha de publicación y/o designación secuencial 2014 Vol. 14, no. 1
336 ## - TIPO DE CONTENIDO
Término de tipo de contenido texto$2rdacontent
337 ## - TIPO DE MEDIO
Nombre/término del tipo de medio computadora$2rdamedia
338 ## - TIPO DE SOPORTE
Nombre/término del tipo de soporte recurso en linea$2rdacarrier
520 3# - NOTA DE RESUMEN, ETC.
Sumario, etc. El término intervención psicosocial se ha vuelto un lugar común en la psicología social y otras disciplinas afines que buscan poner en juego el conocimiento en proyectos sociales concretos. Su uso extendido y naturalizado ha contribuido a que la noción de intervención, como dispositivo discursivo para concebir y organizar la acción, escape casi por completo a la problematización y la revisión crítica. En este artículo examino la noción de intervención a través de los lentes de la metáfora y analizo sus implicaciones para la concepción y construcción de las prácticas a las que se refiere. Posteriormente, sugiero la noción de involucramiento como una metáfora que se aleja del sentido interventivo de la acción y abre espacio para pensar de distinta manera la acción social en tres aspectos: la posición del profesional/ investigador ante el escenario social, la relación entre los actores, y la concepción del conocimiento y la acción en un proyecto de transformación social.
653 0# - TERMINO DE INDIZACION - NO CONTROLADO
Término no controlado INTERVENCION PSICOSOCIAL
653 0# - TERMINO DE INDIZACION - NO CONTROLADO
Término no controlado METAFORA
653 0# - TERMINO DE INDIZACION - NO CONTROLADO
Término no controlado PSICOLOGIA SOCIAL
856 4# - LOCALIZACIÓN Y ACCESO ELECTRÓNICOS
Identificador Uniforme del Recurso <a href="http://atheneadigital.net/article/view/v14-n1-martinez/pdf">http://atheneadigital.net/article/view/v14-n1-martinez/pdf</a>
905 ## - TIPO DE MATERIAL
Tipo de material Articulo

No items available.